000 00298nam a22001337a 4500
008 180809b xxu||||| |||| 00| 0 eng d
041 _aeng
080 _27th
_a616-053.2
082 _a616-053.2
100 _a8
101 _aPED
245 _aTextbook of PEDIATRICS
_cNelson,W.E
942 _2udc
_cBK
999 _c46945
_d46945